Bibliografia článkov z časopisu Sovetskaja pedagogika 1967-1971

Bibliographic Details
Format: Book
Language:Slovak
Russian
PhysicalDescription:256, [1] s. 19 cm
Published: Bratislava Slovenská pedagogická knižnica 1973
Subjects:

MARC

LEADER 00000nam a2200000 a 4500
001 vtls001295807
003 SK-MaSNL
005 20260302065944.0
008 250312s1973 xo b 001 0 slo
035 |a SNK000247628 
035 |a urn:nbn:sk:snk-am3j474 
035 |a 2B1298B3-8EF2-402E-AD66-836FACA5FBFF 
035 |a urn:nbn:sk:snk-am00gdrf 
040 |a SNK  |b slo  |c SNK  |e AACR2 
041 0 |a slo  |a rus 
044 |a xo  |c SK 
072 7 |a 37  |x Výchova a vzdelávanie  |2 konspekt 
072 7 |a 01  |x Bibliografia. Katalógy  |2 konspekt 
080 |a 37.01  |2 2011 
080 |a (01)  |2 2011 
245 0 0 |a Bibliografia článkov z časopisu Sovetskaja pedagogika 1967-1971  |c Zost. kol. pracovníkov bibliografického odd. Slov. pedagog. knižnice 
260 |a Bratislava  |b Slovenská pedagogická knižnica  |c 1973 
300 |a 256, [1] s.  |c 19 cm 
504 |a Obsahuje reg. 
630 0 7 |a Sovetskaja pedagogika (časopis)  |2 SNKPH  |9 729872 
648 7 |a 1967-1971  |2 SNKPH  |9 424673 
650 0 7 |a pedagogika  |2 SNKPH  |9 955 
650 0 7 |a Pedagogics  |2 SNKPHeng  |9 265289 
655 7 |a bibliografie  |2 SNKPH  |9 28668 
655 7 |a Bibliographies  |2 SNKPHeng  |9 266698 
852 |a Slovenská národná knižnica 
958 |a OND 
999 |c 1144707  |d 1146637 
952 |t P60, <04>, [BOOK], {604}  |a SNK  |b SNK  |y VYP  |7 0  |o snkSD 37885/1967-1971  |i snkKSP 6248/82  |0 0  |1 0  |4 0  |d 1997-07-22  |l 0  |r 2005-01-02 00:00:00  |w 2026-02-24 
952 |t P60, <04>, [BOOK], {604}  |a SNK  |b SNK  |y VYP  |7 0  |o snkSD 37885/1967-1971 D1  |i snkKSP 6249/82  |0 0  |1 0  |4 0  |d 1997-07-22  |l 0  |r 2005-01-02 00:00:00  |w 2026-02-24 
952 |a SNK  |b SNK  |y PREZ  |7 0  |p 17A0895854  |o snkSD 37885/1967-1971  |0 0  |1 0  |4 0  |d 2013-08-13  |f 1  |l 0  |r 2026-02-24 19:45:31  |w 2026-02-24